000 00259nam a22001097a 4500
082 _a621.3 GHA'A
100 _aGRAHAM, FRANK D
_942150
245 _aAUDELS NEW ELECTRONIC LIBRARY VOL-VII
260 _aNEWYORK
_bNEWYORK
_c1963
300 _a3,630P
942 _cBK
999 _c567262
_d567262